Introduction to the pronunciation of english. (Record no. 112250)
[ view plain ]
| 000 -LEADER | |
|---|---|
| fixed length control field | 00462nam a2200157Ia 4500 |
| 008 - FIXED-LENGTH DATA ELEMENTS--GENERAL INFORMATION | |
| fixed length control field | 210210b1976 xxu||||| |||| 00| 0 eng d |
| 020 ## - INTERNATIONAL STANDARD BOOK NUMBER | |
| International Standard Book Number | 07131 5586 8 |
| 082 ## - DEWEY DECIMAL CLASSIFICATION NUMBER | |
| Classification number | 421.5 GIMI |
| 100 ## - MAIN ENTRY--PERSONAL NAME | |
| Personal name | GIMSON (A C). |
| 245 ## - TITLE STATEMENT | |
| Title | Introduction to the pronunciation of english. |
| 260 ## - PUBLICATION, DISTRIBUTION, ETC. | |
| Place of publication, distribution, etc. | London. |
| Name of publisher, distributor, etc. | Englsih Language Book Society, Edward Arnold Publishers Ltd., |
| Date of publication, distribution, etc. | 1976 |
| 300 ## - PHYSICAL DESCRIPTION | |
| Extent | xv,320 |
| 650 ## - SUBJECT ADDED ENTRY--TOPICAL TERM | |
| Topical term or geographic name entry element | Pronunciation<br/><br/> |
| 690 ## - LOCAL SUBJECT ADDED ENTRY--TOPICAL TERM (OCLC, RLIN) | |
| Topical term or geographic name as entry element | English Language |
| 906 ## - LOCAL DATA ELEMENT F, LDF (RLIN) | |
| a | SG00980 |
| Withdrawn status | Lost status | Damaged status | Not for loan | Collection code | Home library | Current library | Shelving location | Date acquired | Cost, normal purchase price | Total Checkouts | Full call number | Barcode | Date last seen | Price effective from | Koha item type |
|---|---|---|---|---|---|---|---|---|---|---|---|---|---|---|---|
| St Aloysius Library | St Aloysius Library | 02/17/2021 | 0.00 | 421.5 GIMI | SG00980 | 02/17/2021 | 02/17/2021 | Special Grants |